Gold On The Ceiling - The Black Keys - All Lyrics - Statistics

General Stats
  • This quiz has been taken 6 times
  • The average score is 110 of 157
Answer Stats
Answer % Correct
a
100%
ceiling
100%
go
100%
gold
100%
Gold
100%
I
100%
on
100%
the
100%
ain't
83%
get
83%
it
83%
much
83%
My
83%
my
83%
no
83%
They
83%
wanna
83%
you
83%
again
67%
at
67%
before
67%
blind,
67%
can't
67%
drown
67%
in
67%
mind
67%
more
67%
take
67%
time
67%
could
50%
door
50%
Down
50%
It's
50%
just
50%
love's
50%
never
50%
of
50%
out
50%
Roar
50%
screams
50%
She
50%
steal
50%
up,
50%
without
50%
alright,
33%
barbed-wire
33%
Clouds
33%
covered
33%
guardin'
33%
matter
33%
snare
33%
Strung
33%
strung
33%
waves
33%
high
17%
No matching quizzes found
Score Distribution
Percent of People with Each Score
Percentile by Number Answered
Your Score History
You have not taken this quiz